000 01048nam a2200277Ia 4500
001 ebr10690313
003 CaPaEBR
006 m u
007 cr cn|||||||||
008 130325s2013 au s 000 1 eng d
010 _z 2013936078
020 _z9781922120311
040 _aCaPaEBR
_cCaPaEBR
035 _a(OCoLC)847003256
050 1 4 _aPR9619.Z45
_bP37 2013eb
100 1 _aZelas, Karen.
245 1 0 _aPast perfect
_h[electronic resource] /
_cKaren Zelas.
260 _aBrisbane :
_bGlass House Books,
_c2013.
300 _a322 p.
533 _aElectronic reproduction.
_bPalo Alto, Calif. :
_cebrary,
_d2013.
_nAvailable via World Wide Web.
_nAccess may be limited to ebrary affiliated libraries.
650 0 _aFrench
_zNew Zealand
_zAkaroa
_xHistory
_y19th century
_vFiction.
650 0 _aAustralian fiction
_y21st century.
655 7 _aElectronic books.
_2local
710 2 _aebrary, Inc.
856 4 0 _uhttp://site.ebrary.com/lib/rucke/Doc?id=10690313
_zAn electronic book accessible through the World Wide Web; click to view
999 _c11072
_d11072